000 00413pab a2200145 454500
008 180718b2002 xxu||||| |||| 00| 0 eng d
100 _aBhagat, R.B.
245 _aTowards measuring rural stratification and agrarian classes: socio-economic and demographic variables
260 _c2002
300 _ap.81-96.
362 _aOct-Dec
650 _aAgrarian structure
773 _aIASSI Quarterly
909 _a58917
999 _c58917
_d58917